Výstava mladých v Trnave

Bibliographic Details
Main Author: Haberlandová, Helena (Author)
Format: Article
Language:Slovak
Subjects:

MARC

LEADER 00000nab a2200000 a 4500
001 vtls000015196
003 SK-MaSNL
005 20260305024009.0
008 111103c1978 xo 0 slo
015 |a SNBRB19rr/mm-uuuuu 
035 |a CL0025290 
040 |a SNKBUCL  |b slo  |c SNKBUCL  |e AACR2 
041 0 |a slo 
044 |a xo  |c SK 
080 |a 73/76  |2 1981 
100 1 |a Haberlandová, Helena  |4 aut  |9 877598 
245 1 0 |a Výstava mladých v Trnave  |c Helena Haberlandová 
650 0 7 |a výtvarníci  |2 snkbucl  |9 118705 
650 0 7 |a umelecké výstavy  |2 snkbucl  |9 89689 
655 7 |a články z novín a časopisov  |2 snkbucl  |9 267496 
773 0 |t Pravda  |g Roč. 59, č. 302 (22. 12. 1978), s. 5 
850 |a Slovenská národná knižnica v Martine  |a MTA001 
852 |a SNK  |b KIS3GCP 
958 |a RK 
992 |a RBX 
999 |c 3300313  |d 3302243